000 00498cam a22002171 4500
001 sa 62001174
003 DLC
005 20260227111917.0
008 890912s1962 ii 000 1 hino
010 _asa 62001174
035 _a(OCoLC)20331268
040 _aDLC
_cWaU
_dDLC
042 _apremarc
050 0 0 _aPK2098.C5
_bS6
100 1 _aChandar, Krishan.
245 1 0 _aSitāroṃ se āge.
260 _c[1962]
300 _a133 p.
_c19 cm.
500 _aIn Hindi.
500 _aA novel.
999 _c53193
_d53193